000 00969cam a2200313I 4500
001 22937
003 BD-RjUL
005 20211209000855.0
008 140309r19611878le h b 00110 eng
035 _a(BD-RjUL)23002
040 _aDLC
_cWSU
_dSER
_dBOS
_beng
041 _aeng
082 _a956.101
_bCRH 1961
090 _aDR440
_b.F61
100 1 _aCreasy, Edward Shepherd,
_d1812-1878.
_970727
245 1 0 _aHistory of the Ottoman Turks /
_c[by] Edward S. Creasy. With a new introd. by Zeine N. Zeine.
260 _aBeirut :
_bKhayats,
_c1961.
300 _axix, 560 p. :
_bfacsim. ;
_c20 cm.
490 0 _aOriental reprints,
_vno. 1.
500 _aReprint of 2d ed., published in 1878.
504 _aIncludes index
650 0 _aEastern question (Balkan)
_970728
651 0 _aTurkey
_xHistory.
_970729
700 1 0 _aZeine, Zeine N.
_970730
700 1 0 _aYale, William.
_970731
740 0 _aOttoman Turks.
942 _2ddc
_cBK
999 _c22937
_d22937